[Event "Mittelfranken-ch QT 52nd"]
[Site "Uttenreuth"]
[Date "2003.04.17"]
[Round "3"]
[White "Stefan, Johann"]
[Black "Erlbeck, Simon"]
[Result "0-1"]
[WhiteElo "1288"]
[BlackElo "1459"]
[PlyCount "71"]
[EventDate "2003.04.16"]
[EventType "swiss"]
[EventRounds "7"]
[EventCountry "GER"]
[SourceTitle "EXT 2015"]
[Source "ChessBase"]
[SourceDate "2014.11.20"]
[SourceVersion "1"]
[SourceVersionDate "2014.11.20"]
[SourceQuality "1"]

1. e4 e6 2. d4 d5 3. Nd2 Nf6 4. e5 Nfd7 5. Ngf3 c5 6. dxc5 Bxc5 7. Nb3 Nc6 8. Nxc5 Qa5+ 9. c3 Qxc5 10. Be3 Qe7 11. Bb5 f6 12. Bxc6 bxc6 13. exf6 Nxf6 14. Nd4 Bd7 15. Bg5 0-0 16. Qe2 e5 17. 0-0 Qd6 18. Bxf6 Rxf6 19. Nc2 Rh6 20. g3 d4 21. Rad1 c5 22. c4 Bc6 23. Ne1 Rxh2 24. Nf3 Rh6 25. Kg2 e4 26. Ng1 d3 27. Qe3 Rf8 28. Rd2 Qd4 29. Qxd4 cxd4 30. f3 Rhf6 31. f4 e3+ 32. Nf3 exd2 33. Rd1 Re8 34. Rxd2 Re2+ 35. Rxe2 dxe2 36. Kf2 0-1

[Event "Mittelfranken-ch QT 50th"]
[Site "Buechenbach"]
[Date "2001.??.??"]
[Round "6"]
[White "Erlbeck, Simon"]
[Black "Stecher, Bernd"]
[Result "1/2-1/2"]
[WhiteElo "1176"]
[BlackElo "1464"]
[PlyCount "98"]
[EventDate "2001.04.11"]
[EventType "swiss"]
[EventRounds "7"]
[EventCountry "GER"]
[SourceTitle "EXT 2015"]
[Source "ChessBase"]
[SourceDate "2014.11.20"]
[SourceVersion "1"]
[SourceVersionDate "2014.11.20"]
[SourceQuality "1"]

1. e4 e5 2. Nf3 d6 3. Bc4 Nf6 4. Ng5 d5 5. exd5 Nxd5 6. Nxf7 Kxf7 7. Qf3+ Ke6 8. Nc3 c6 9. 0-0 Qd6 10. Qh3+ Kf6 11. Qxc8 Qc7 12. Ne4+ Ke7 13. Qg4 Qd7 14. Qh4+ Nf6 15. Nc5 Qf5 16. d3 b6 17. Ne4 Nbd7 18. Re1 Qg4 19. Qxg4 Nxg4 20. Bg5+ Ngf6 21. d4 h6 22. dxe5 Nxe5 23. Nxf6 gxf6 24. Rxe5+ Kd6 25. Bxf6 Rh7 26. Rd1+ Kc7 27. Bd3 Rd7 28. g4 Bd6 29. Rh5 Bf4 30. h4 c5 31. g5 hxg5 32. hxg5 c4 33. g6 cxd3 34. cxd3 Rf8 35. g7 Rg8 36. Rh7 Rf7 37. Rh8 Rgxg7+ 38. Bxg7 Rxg7+ 39. Kf1 Rf7 40. d4 Be3 41. Rh2 Bf4 42. Rg2 Kd6 43. d5 Be3 44. Rd3 Bc5 45. Rg6+ Kd7 46. f3 a5 47. Kg2 Bd6 48. Rb3 Kc7 49. Rc3+ Bc5 1/2-1/2